[Event "CRO-chT2b"]
[Site "Croatia"]
[Date "2009.11.08"]
[Round "11"]
[White "Gregur, Tomislav"]
[Black "Gazarek, Danko"]
[Result "0-1"]
[WhiteElo "2041"]
[BlackElo "2309"]
[PlyCount "68"]
[EventDate "2009.03.01"]
[EventType "team-tourn"]
[EventRounds "11"]
[EventCountry "CRO"]
[SourceTitle "EXT 2011"]
[Source "ChessBase"]
[SourceDate "2010.11.26"]
[SourceVersion "1"]
[SourceVersionDate "2010.11.26"]
[SourceQuality "1"]

1. e4 c5 2. Nf3 Nc6 3. d4 cxd4 4. Nxd4 g6 5. Nc3 Bg7 6. Be3 Nf6 7. f3 0-0 8. Qd2 d5 9. exd5 Nxd5 10. Nxd5 Qxd5 11. Nxc6 Qxc6 12. 0-0-0 Be6 13. Kb1 Rac8 14. Bd3 f5 15. Bh6 Bf7 16. Bxg7 Kxg7 17. Rhe1 Qf6 18. Qb4 Rc7 19. Rd2 Rfc8 20. Rde2 Kf8 21. f4 b6 22. g3 Rd8 23. Rd2 Rd4 24. Qa3 Qc6 25. Rde2 Ra4 26. Qc3 Bxa2+ 27. Kc1 Qxc3 28. bxc3 Bd5 29. Kb2 Ra5 30. c4 Bf7 31. Kc3 Rac5 32. Re5 R5c6 33. Ra1 Bxc4 34. Bxc4 Rxc4+ 0-1

[Event "CRO-chT2b"]
[Site "Croatia"]
[Date "2009.10.25"]
[Round "9"]
[White "Stefan, Kresimir"]
[Black "Gregur, Tomislav"]
[Result "1-0"]
[WhiteElo "2219"]
[BlackElo "2041"]
[PlyCount "160"]
[EventDate "2009.03.01"]
[EventType "team-tourn"]
[EventRounds "11"]
[EventCountry "CRO"]
[SourceTitle "EXT 2011"]
[Source "ChessBase"]
[SourceDate "2010.11.26"]
[SourceVersion "1"]
[SourceVersionDate "2010.11.26"]
[SourceQuality "1"]

1. c4 Nf6 2. d4 g6 3. Nc3 Bg7 4. e4 d6 5. f3 0-0 6. Be3 e5 7. d5 Nh5 8. Qd2 f5 9. 0-0-0 a6 10. Kb1 Nd7 11. exf5 gxf5 12. Bd3 Nf4 13. Bc2 b5 14. g3 Ng6 15. cxb5 Rb8 16. a4 Nb6 17. Bb3 axb5 18. axb5 Bd7 19. Nge2 e4 20. f4 Nc8 21. Nd4 Bxd4 22. Bxd4 Bxb5 23. Nxb5 Rxb5 24. Bc4 Rb8 25. Bc3 Nb6 26. Qd4 Rf7 27. Bb5 Nd7 28. Bc4 Nb6 29. Bb3 Nd7 30. Bc2 Nc5 31. h4 h5 32. Rhe1 Nb3 33. Qc4 Nc5 34. b4 Qc8 35. Kc1 Qa6 36. Qxa6 Nxa6 37. Rd4 Ne7 38. Kd2 Rg7 39. Re3 Kf7 40. Bd1 Rh7 41. Kc2 Rb5 42. Be2 Rb6 43. Be1 Ke8 44. Ra3 Nb8 45. Ra8 Kd7 46. b5 Kc8 47. Kc3 Kb7 48. Ra5 Nd7 49. Kc4 Nc5 50. Rd1 Nd7 51. Kd4 Nf6 52. Bc4 Ng4 53. Rda1 Nc8 54. Be2 Rg7 55. R1a3 Rg6 56. Kc4 Rg7 57. Kd4 Rg6 58. Ra8 Nf6 59. Kc4 Ng4 60. R8a5 Nf6 61. Kd4 Ng4 62. Rc3 Ne7 63. Ra6 Nc8 64. Rc6 Nf6 65. Rc3 Ng4 66. Rca3 Nf6 67. Bf2 Ng4 68. Bg1 Rg7 69. Ra8 Rg6 70. Kc4 Nf6 71. Bd4 Ng4 72. R8a5 Nf6 73. Bxf6 Rxf6 74. Bxh5 Rh6 75. Be2 Rh7 76. Kd4 Rg7 77. h5 Rh7 78. Kc4 Rg7 79. Kd4 Rh7 80. g4 Ne7 1-0